LEADER 01561nam 2200385Ia 450 001 9910698906403321 005 20090727123709.0 035 $a(CKB)5470000002398816 035 $a(OCoLC)427882571 035 $a(EXLCZ)995470000002398816 100 $a20090727d2009 ua 0 101 0 $aeng 135 $aurmn||||a|||| 181 $ctxt$2rdacontent 182 $cc$2rdamedia 183 $acr$2rdacarrier 200 10$aWeb-based geospatial tools to address hazard mitigation, natural resource management, and other societal issues$b[electronic resource] /$fAuthor--Paul P. Hearn, Jr 210 1$a[Reston, Va.] :$cU.S. Dept. of the Interior, U.S. Geological Survey,$d[2009] 215 $a4 pages $cdigital, PDF file 225 1 $aFact sheet ;$v2009-3022 300 $aTitle from PDF file caption (viewed July 27, 2009). 300 $a"June 2009." 320 $aIncludes bibliographical references (page [4]). 606 $aNatural resources$xGeographic information systems$zUnited States$xManagement 606 $aHazard mitigation$xGeographic information systems$zUnited States 615 0$aNatural resources$xGeographic information systems$xManagement. 615 0$aHazard mitigation$xGeographic information systems 700 $aHearn$b Paul P$01398230 712 02$aGeological Survey (U.S.) 801 0$bGPO 801 1$bGPO 906 $aBOOK 912 $a9910698906403321 996 $aWeb-based geospatial tools to address hazard mitigation, natural resource management, and other societal issues$93493029 997 $aUNINA